000 00293nam a22001337a 4500
008 170911b xxu||||| |||| 00| 0 eng d
020 _a9780140513882
041 _aeng
080 _a91
100 _a42
101 _aGJEO
245 _aDICTIONARY OF GEOGRAPHY
_cCLARK, A.N
942 _2udc
_cBK
999 _c26932
_d26932